Les hommes de Lascaux (notice n° 1949753)

détails MARC
000 -LEADER
fixed length control field 01347cam a2200157 4500500
005 - DATE AND TIME OF LATEST TRANSACTION
control field 20260329031823.0
041 ## - LANGUAGE CODE
Language code of text/sound track or separate title fre
042 ## - AUTHENTICATION CODE
Authentication code dc
100 10 - MAIN ENTRY--PERSONAL NAME
Personal name Otte, Marcel
Relator term author
245 00 - TITLE STATEMENT
Title Les hommes de Lascaux
260 ## - PUBLICATION, DISTRIBUTION, ETC.
Name of publisher, distributor, etc. Armand Colin,<br/>
Date of publication, distribution, etc. 2009.<br/>
520 ## - SUMMARY, ETC.
Summary, etc. Cet ouvrage propose la première synthèse documentée et largement accessible sur la vie dans l’Europe de la préhistoire. La période considérée, qui s’étale de 40 000 à 10 000 avant notre ère, est marquée par la rencontre entre Néandertaliens et Cro Magnons. Bien des mutations s’ensuivent. Mais on n’est plus dans l’ordre de la seule évolution biologique. Ce sont de véritables cultures et civilisations qui s’enchaînent. L’étude poussée des données matérielles disponibles permet désormais de leur conférer une histoire réelle. Cet ouvrage retrace l’évolution des compétences techniques, des gestes sociaux, des rituels religieux et surtout, des aspects esthétiques des peuples chasseurs aux agriculteurs sédentaires, avec à chaque fois un «esprit» différent. Les fresques de Lascaux ou la Grotte Chauvet en sont de fabuleux témoignages.
700 10 - ADDED ENTRY--PERSONAL NAME
Personal name Noiret, Pierre
Relator term author
700 10 - ADDED ENTRY--PERSONAL NAME
Personal name Remacle, Laurence
Relator term author
856 41 - ELECTRONIC LOCATION AND ACCESS
Uniform Resource Identifier <a href="https://shs.cairn.info/les-hommes-de-lascaux--9782200351199?lang=fr&redirect-ssocas=7080">https://shs.cairn.info/les-hommes-de-lascaux--9782200351199?lang=fr&redirect-ssocas=7080</a>

Pas d'exemplaire disponible.

PLUDOC

PLUDOC est la plateforme unique et centralisée de gestion des bibliothèques physiques et numériques de Guinée administré par le CEDUST. Elle est la plus grande base de données de ressources documentaires pour les Étudiants, Enseignants chercheurs et Chercheurs de Guinée.

Adresse

627 919 101/664 919 101

25 boulevard du commerce
Kaloum, Conakry, Guinée

Réseaux sociaux

Powered by Netsen Group @ 2025